| 000 | 00764cab a2200265 4500 | ||
|---|---|---|---|
| 001 | ABS58547 | ||
| 008 | 090401t1998 xxu||||| |||| 00| 0 eng d | ||
| 035 | _a(Sirsi) u85851 | ||
| 041 | _aeng | ||
| 245 | _aFocus `98: M4 Junctions 10-18 | ||
| 260 | _c1998 | ||
| 350 | _a0 | ||
| 490 |
_aEstates Gazette _v(9817) 25 April 1998, 101-137(14) |
||
| 650 | _aBATH | ||
| 650 | _aBRACKNELL | ||
| 650 | _aM4 CORRIDOR | ||
| 650 | _aNEWBURY | ||
| 650 | _aPROPERTY-COMMERCIAL PROPERTY-OFFICE PROPERTY-OFFICE PROPERTY MARKET | ||
| 650 | _aREADING | ||
| 650 | _aPROPERTY-COMMERCIAL PROPERTY-RETAIL PROPERTY-RETAIL PROPERTY MARKET | ||
| 650 | _aSWINDON | ||
| 690 | _aPROPERTY-COMMERCIAL PROPERTY-COMMERCIAL PROPERTY MARKET | ||
| 942 | _n0 | ||
| 948 | _c28/04/1998 | ||
| 999 |
_c54003 _d54003 |
||